000 01507nam0a22003371 4500
001 v19\rc\1515471
005 20060620123738.7
035 _a(NLR Aleph) 004639181
090 _a3271085
_c3271085
100 _a20060620d1894 |||y0rusy50 ca
101 0 _arus
102 _aRU
105 _aac z |||||
200 1 _aПриходская школа
_eКнига для классного чтения, примененная к обучению родному языку в одноклассных церковно-приходских школах
_fСост. Н. Ермин и А. Волотовский
205 _a14-е изд.
210 _aСанкт-Петербург
_cД.Д. Полубояринов
_d1894
215 _a112 с.
_cил., портр.
_d26
311 _a.-Спб.:тип. Евдокимова, ценз. 1885.-Без тит. л. и обл. (шифр: 18.217.3.123)
421 0 _11010#$arus
_1210##$aСанкт-Петербург$cтип. Евдокимова$dценз. 1885
_1215##$a4 с.
_1300##$aБез тит. л. и обл.
_1899##$aNLR$j18.217.3.123
700 1 _aЕрмин
_bН. Я.
_gНиколай Яковлевич
_4220
701 1 _aВолотовский
_bА. С.
_4220
801 0 _aRU
_bNLR
_gpsbo
801 0 _aRU
_bRuMoRGB
_2psbo
801 1 _aRU
_bProSoft-M
_2rusmarc
830 _a15-го изд. в БАН нет
852 _aNLR
_j18.182.5.278
899 _aRuMoRGB
_jA 160/6
899 _aRuMoRGB
_jA 160/379
899 _aБАН
942 _cBOOK
980 _aNB